| 000 | 01048cam a22002653a 4500 | ||
|---|---|---|---|
| 001 | 3315 | ||
| 003 | PGUSA | ||
| 005 | 20140828083030.0 | ||
| 008 | 020701s2002||||xxu|||||s|||||000 1 eng d | ||
| 040 |
_aPGUSA _beng |
||
| 042 | _adc | ||
| 050 | 4 | _aPS | |
| 100 | 1 |
_aHemphill, Vivia, _d1889-1934 |
|
| 245 | 1 | 0 |
_aDown the Mother Lode _h[electronic resource] / _cVivia Hemphill |
| 260 |
_bProject Gutenberg, _c2002 |
||
| 505 | 0 | _aOne Sunday in Stinson's Bar -- The Tom Bell stronghold -- The hanging of Charlie Price -- Rattlesnake Dick -- Indian vengeance -- Grizzly Bob of Snake Gulch -- Curley Coppers the Jack -- The race of the shoestring gamblers -- The dragon and the tomahawk -- The Barstow lynching. | |
| 506 | _aPublic domain in the USA. | ||
| 516 | _aElectronic text | ||
| 653 | _aCalifornia -- Gold discoveries -- Fiction | ||
| 653 | _aFrontier and pioneer life -- California -- Fiction | ||
| 653 | _aShort stories, American | ||
| 830 | 0 |
_aProject Gutenberg _v3315 |
|
| 856 | 4 | 0 | _uhttp://www.gutenberg.org/ebooks/3315 |
| 942 | _cEB | ||
| 999 |
_c232644 _d232644 |
||